| 000 | 00372nam a2200145Ia 4500 | ||
|---|---|---|---|
| 008 | 230917s9999||||xx |||||||||||||| ||und|| | ||
| 040 |
_e157068 _aMAIN |
||
| 041 | _aEnglish | ||
| 082 | _a181.4 S98S | ||
| 100 | _aSaxena, Laxmi | ||
| 245 | 0 | _aSamkaleen Bharatiya darshan | |
| 260 |
_aLucknow _bUttar Pradesh Hindi Granth Academy _c1974 |
||
| 300 | _a405 p. | ||
| 942 | _cBK | ||
| 999 |
_c166039 _d166039 |
||